Home Print Resources E-Books E-Journals IIMT Lecture Series Library Membership Form Book Recommendation Form Campus Tour Take AdmissionAbout Us Contact Us

ISHQ ME SHEHAR HONA (Record no. 55866)

000 -LEADER
fixed length control field nam a22 7a 4500
003 - CONTROL NUMBER IDENTIFIER
control field OSt
005 - DATE AND TIME OF LATEST TRANSACTION
control field 20221020114405.0
008 - FIXED-LENGTH DATA ELEMENTS--GENERAL INFORMATION
fixed length control field 221020b xxu||||| |||| 00| 0 eng d
040 ## - CATALOGING SOURCE
Transcribing agency IIMT COLLEGE OF BJMC,NOIDA
100 ## - MAIN ENTRY--PERSONAL NAME
Personal name KUMAR, RAVISH
245 ## - TITLE STATEMENT
Title ISHQ ME SHEHAR HONA
260 ## - PUBLICATION, DISTRIBUTION, ETC.
Place of publication, distribution, etc. NEW DELHI
Name of publisher, distributor, etc. SARTHAK
Date of publication, distribution, etc. 2020
300 ## - PHYSICAL DESCRIPTION
Extent 89
942 ## - ADDED ENTRY ELEMENTS (KOHA)
Source of classification or shelving scheme
Koha item type Reference Book
Edition 10th
Holdings
Withdrawn status Lost status Source of classification or shelving scheme Damaged status Not for loan Home library Current library Date acquired Source of acquisition Cost, normal purchase price Inventory number Total Checkouts Barcode Date last seen Price effective from Koha item type Date last checked out
          NOIDA College IIMT College of BJMC NOIDA College IIMT College of BJMC 01/15/2020 ARISTA 125.00 IN265/15.01.20   18-B-2589 10/20/2022 10/20/2022 Reference Book  
          NOIDA College IIMT College of BJMC NOIDA College IIMT College of BJMC 01/15/2020 ARISTA 125.00 IN265/15.01.20 1 18-B-2590 12/08/2025 10/20/2022 Text-Book- for 7 days 12/01/2025
          NOIDA College IIMT College of BJMC NOIDA College IIMT College of BJMC 01/15/2020 ARISTA 125.00 IN265/15.01.20   18-B-2591 10/20/2022 10/20/2022 Reference Book  
IIMT, Central Library. All Rights Reserved IIMT,UNIVERSITY © 2023
Implemented and Customised by I CLOUDE EMS
You Are OPAC Visitor No
free web counter

Powered by Koha